LDR 00667naa#a2200193#i#450# 001 EN\RIOR\bibl\126287 005 20260629085015.1 011 ## _a2409-6024 100 ## _a20260530b2026####ek#y0engy0150####ca 102 ## _aRU 200 1# _aPROBLEMS OF STAFFING THE FISHERIES COMPLEX OF KAMCHATKA KRAI _eJournal article 210 1# _aMoscow _cPublishing Center RIOR _d2026 215 ## _a16 с. 608 ## _aJournal article _2local 675 ## _aЭкономика. Народное хозяйство. Экономические науки. 33 _z 700 #1 _aKravcov _gSergey Aleksandrovich 700 #1 _aEfremov _gIvan Anatol'evich 700 #1 _aTruba _gAnatoliy Sergeevich 856 4# _arusjm.ru _u